000
00305nam a2200121Ia 4500
005
20260328101507.0
008
260328s9999||||xx |||||||||||||| ||und||
100
_a
Schulz, Annika
245
0
_a
Move! Best of gym Design /
_c
Annika Schulz
260
_b
Braun
650
_a
ARQUITECTURA DEPORTIVA
942
_c
BK
999
_c
9078
_d
9078